000 02770cam a2200421 4500
999 _c22277
_d22277
001 1245377
003 BDDh-ASL
005 20231015030118.0
008 710223m19701983enkbh b 001 0 eng
010 _a 72129254
015 _aB70-17210 (v. 1)
020 _a0115800166 (v. 1)
040 _aDLC
_cDLC
_dDLC
_bBDDh-ASL
043 _aa-ii---
050 0 0 _aDS480.83
_b.T7
082 0 0 _a327.4205
_bCON
245 0 4 _aConstitutional Relations Between Britain and India: The Transfer of power 1942-7, Vol.-8, The Interim Government,3 July-1 November 1946 /
_ceditor-in-chief Nicholas Mansergh, assistant editor E. W. R. Lumby.
260 _aLondon:
_bH.M.S.O.,
_c1970-1983.
_c1979.
300 _av-6, 899 p. :
_bfacsims., col. maps.
_c28 cm.
350 _a£7/-/- (v. 1) varies
500 _aAt head of title: Constitutional relations between Britain and India.
500 _aOn spine: India; the transfer of power 1942-7.
500 _aUnpublished documents drawn either from the official archives of the India Office in the custody of the India Office Records or from the private collections of the Viceregal papers in the India Office Library.
500 _aBeginning with v. 5, assistant editor P. Moon.
504 _aIncludes bibliographical references.
505 0 _av. 1. The Cripps Mission, January-April 1942.--v. 2. Quit India, 30 April-21 September 1942.--v. 3. Reassertion of authority, Gandhi's fast, and the succession to the Viceroyalty, 21 September 1942-12 June 1943.--v. 4. The Bengal famine and the new Viceroyalty, 15 June 1943-31 August 1944.--v. 5. The Simla Conference, background and proceedings, 1 September 1944-28 July 1945.--v. 6. The post-war phase: new moves by the Labour Government, 1 August 1945-22 March 1946.--v. 7. The cabinet mission, 23 March-29 June 1946.--v. 8. The interim government, 3 July-1 November 1946.--v. 9. The fixing of a time limit, 4 November 1946-22 March 1947.--v. 10. The Mountbatten Viceroyalty, the formation of a plan, 22 March-30 May 1947.--v. 11. The Mountbatten Viceroyalty announcement and reception of the 3 June plan 31 May-7 July 1947.--v. 12. The Mountbatten Viceroyalty, princes, partition, and independence, 8 July-15 August 1947.
651 0 _aIndia
_xPolitics and government
_y1919-1947
_xSources.
651 0 _aIndia
_xHistory
_yBritish occupation, 1765-1947
_xSources.
700 1 _aMansergh, Nicholas,
_eed.
700 1 _aLumby, E. W. R.
_q(Esmond Walter Rawson),
_eed.
700 1 _aMoon, Penderel,
_d1905-
710 2 _aIndia Office Records.
710 2 _aIndia Office Library.
740 _aConstitutional relations between Britain and India.
740 _aIndia; the transfer of power 1942-7.
906 _a7
_bcbc
_corignew
_d4
_encip
_f19
_gy-gencatlg
942 _2ddc
_cBK